Loading...

THE STRUCTURE AND REPRODUCTION OF THE ALGAE

Bibliographic Details
Main Author: FRITSCH F.E
Format: Printed Book
Published: USA CAMBRIDGE :AT THE UNIVERSITY PRESS 1959
Subjects:
LEADER 00518nam a2200205 4500
020
037
082 |a 579.8 FRI 
100 |a FRITSCH F.E. 
245 |a THE STRUCTURE AND REPRODUCTION OF THE ALGAE  |h English 
250
260 |a USA  |b CAMBRIDGE :AT THE UNIVERSITY PRESS  |c 1959 
300 |a 939  |f HB 
500
590
630
650 |a ALGAE 
942 |c TB 
999 |c 165058  |d 165058 
952 |0 0  |1 0  |4 0  |6 579_800000000000000_FRI  |7 0  |9 178508  |a BOT  |b BOT  |l 0  |o 579.8 FRI  |p BOT102  |r 2019-10-25  |w 2019-10-25  |y TB